000 004380000a22001690004500
003 MACL
005 20150902132556.0
008 150902b xxu||||| |||| 00| 0 eng d
040 _aMACL
_cMACL
041 _aEnglish
082 _a800/SRI
100 _aSrinivasan, K.S.
_98568
245 _aRamayanam As Told by Valmiki and Kamban
260 _bAbhinav Publications
_c1994
_aNew Delhi
650 _aLiterature
_98569
942 _cBK
_k800
_2ddc
999 _c3052
_d3052